<?xml version="1.0" encoding="UTF-8"?>
<collection xmlns="http://www.loc.gov/MARC21/slim">
    <record>
        <controlfield tag="001">98919</controlfield>
        <controlfield tag="005">20210211114122.0</controlfield>
        <datafield tag="037" ind1=" " ind2=" ">
            <subfield code="a">TAZ-TFG-2020-1184</subfield>
        </datafield>
        <datafield tag="041" ind1=" " ind2=" ">
            <subfield code="a">spa</subfield>
        </datafield>
        <datafield tag="100" ind1="1" ind2=" ">
            <subfield code="a">Hernández Adán, Eduardo</subfield>
        </datafield>
        <datafield tag="242" ind1="0" ind2="0">
            <subfield code="a">Bibliographic study on interval training and obesity</subfield>
        </datafield>
        <datafield tag="245" ind1="0" ind2="0">
            <subfield code="a">Estudio bibliográfico sobre el entrenamiento fraccionado y obesidad</subfield>
        </datafield>
        <datafield tag="260" ind1=" " ind2=" ">
            <subfield code="a">Zaragoza</subfield>
            <subfield code="b">Universidad de Zaragoza</subfield>
            <subfield code="c">2020</subfield>
        </datafield>
        <datafield tag="506" ind1=" " ind2=" ">
            <subfield code="a">by-nc-sa</subfield>
            <subfield code="b">Creative Commons</subfield>
            <subfield code="c">3.0</subfield>
            <subfield code="u">http://creativecommons.org/licenses/by-nc-sa/3.0/</subfield>
        </datafield>
        <datafield tag="520" ind1=" " ind2=" ">
            <subfield code="a">El objetivo de este estudio es realizar una revisión sistemática acerca del entrenamiento fraccionado en &lt;br />adultos con obesidad o sobrepeso buscado artículos en las bases de datos: PubMed y Web of Science. &lt;br />La búsqueda se ha realizado en inglés y en castellano. Se incluyeron estudios &lt;br />publicados en los últimos diez años (hasta marzo 2020)y se seleccionaron un total de treinta y cinco (35) artículos con una puntuación alta &lt;br />tras una evaluación de la calidad metodológica de los mismos.&lt;br />En cuanto a los resultados, el trabajo de HIIT consigue mejorar la aptitud cardiorrespiratoria, composición &lt;br />corporal, aumentar el consumo de oxígeno y la resistencia a la insulina, y la &lt;br />condición física del individuo obeso/sedentario, pero debe tener muy en cuenta la consecución de adherencia al ejercicio, así como, la combinación con una dieta hipocalórica. Los programas de trabajo fraccionados de alta intensidad tienen mayores &lt;br />beneficios que los continuos de intensidad moderada para la pérdida de peso y &lt;br />mejora de la composición corporal. En conclusión, se puede afirmar que el trabajo interválico acompañado de una dieta adecuada &lt;br />conlleva perdidas de peso y mejoras en la composición corporal de adultos con &lt;br />sobrepeso u obesidad, siendo la mejora del VO2max la mayor adaptación.   &lt;br />&lt;br /></subfield>
        </datafield>
        <datafield tag="521" ind1=" " ind2=" ">
            <subfield code="a">Graduado en Ciencias de la Actividad Física y del Deporte</subfield>
        </datafield>
        <datafield tag="540" ind1=" " ind2=" ">
            <subfield code="a">Derechos regulados por licencia Creative Commons</subfield>
        </datafield>
        <datafield tag="700" ind1=" " ind2=" ">
            <subfield code="a">Álvarez Medina, Javier</subfield>
            <subfield code="e">dir.</subfield>
        </datafield>
        <datafield tag="710" ind1="2" ind2=" ">
            <subfield code="a">Universidad de Zaragoza</subfield>
            <subfield code="b">Fisiatría y Enfermería</subfield>
            <subfield code="c">Educación Física y Deportiva</subfield>
        </datafield>
        <datafield tag="856" ind1="0" ind2=" ">
            <subfield code="f">649634@unizar.es</subfield>
        </datafield>
        <datafield tag="856" ind1="4" ind2=" ">
            <subfield code="s">837970</subfield>
            <subfield code="u">http://zaguan.unizar.es/record/98919/files/TAZ-TFG-2020-1184.pdf</subfield>
            <subfield code="y">Memoria (spa)</subfield>
        </datafield>
        <datafield tag="909" ind1="C" ind2="O">
            <subfield code="o">oai:zaguan.unizar.es:98919</subfield>
            <subfield code="p">driver</subfield>
            <subfield code="p">trabajos-fin-grado</subfield>
        </datafield>
        <datafield tag="950" ind1=" " ind2=" ">
            <subfield code="a"></subfield>
        </datafield>
        <datafield tag="951" ind1=" " ind2=" ">
            <subfield code="a">deposita:2021-02-11</subfield>
        </datafield>
        <datafield tag="980" ind1=" " ind2=" ">
            <subfield code="a">TAZ</subfield>
            <subfield code="b">TFG</subfield>
            <subfield code="c">FCSHUES</subfield>
        </datafield>
        <datafield tag="999" ind1=" " ind2=" ">
            <subfield code="a">20200616110324.CREATION_DATE</subfield>
        </datafield>
    </record>

    
</collection>